Cerocahui : una comunidad en la Tarahumara /

Guardado en:
Bibliografiske detaljer
Hovedforfatter: Irigoyen Rascón, Fructuoso (autor)
Andre forfattere: Brambila, David (presentación) (presentación)
Format: Bog
Sprog:spansk
Udgivet: México : UNAM, 1974, c1974 ; 23.0 cm.
Fag:
Tags: Tilføj Tag
Ingen Tags, Vær først til at tagge denne postø!

MARC

LEADER 00000nam^a2200000^a^4500
001 000206232
005 20260430000000.0
009 20260526131241.661
037 |a Acervo Xavier Clavigero 
041 |a ESP 
082 |a 306. 0899745  |b IRI 
100 |a Irigoyen Rascón, Fructuoso  |e (autor) 
245 1 0 |a Cerocahui :  |b una comunidad en la Tarahumara /  |c F. Irigoyen Rascón ; presen. de D. Brambila. 
264 4 |a México :  |b UNAM,  |c 1974, c1974 ;  |c 23.0 cm. 
336 |a texto  |b txt  |2 rdacontenido 
337 |a sin mediación  |b n  |2 rdamedio 
338 |a volumen  |b nc  |2 rdasoporte 
561 |a Ex libris de J. Jesús Gómez Fregoso 
561 |a Dedicatoria con la leyenda: A mi querido y recordado maestro (P. Gómez Fregoso) en recuerdo a un feliz reencuentro, F. Irigoyen R., Guadalajara, febrero, 1978 
649 |a XX 
650 |a Tarahumaras -  |x Tema Principal 
650 |a Indígenas de México 
650 |a Ritos Religiosos -  |z Tarahumara (Sierra) 
650 |a Cosmovisión -  |z Tarahumara (Sierra) 
650 |a Religión -  |z Tarahumara (Sierra) 
650 |a Prácticas Culturales -  |z Tarahumara (Sierra) 
650 |a Antropología Cultural 
650 |a Tarahumara (Sierra) -  |x Condiciones Sociales y Culturales 
700 |a Brambila, David  |e (presentación) 
910 |a Fondo General 
920 |a Impresos - Libros 
930 |a Libros Antiguos y Raros 
905 |a 108 
901 |a 025752  |b IT2  |c LRA  |i 025752  |u 20260430 
902 |a https://opac.biblio.iteso.mx/vufind/Record/000206232